000 01322cam a22004574i 4500
003 PE-LiUPU
005 20260313130102.0
008 150616s1996 xxk r 000 0 spa d
020 _a0801042593
020 _a9780801042591
035 _a(Sirsi) i9780801042591
040 _aPE-LiUPU
_bspa
_cPE-LiUPU
_erda
049 _aPRUA
082 0 4 _a222.102
_bH19
_221
100 1 _aHamilton, Victor P,
_eautor.
245 1 0 _aHandbook on the Pentateuch :
_bGenesis, Exodus, Leviticus, Numbers, Deuteronomy /
_cVíctor P Hamilton.
264 1 _aIllinois :
_bBaker Book House,
_c1996.
300 _a496 páginas ;
_c22 centímetros
336 _atext
_2rdacontent
337 _aunmediated
_2rdamedia
338 _avolume
_2rdacarrier
505 0 _aGenesis -- Exodus -- Leviticus -- Numbers -- Deuteronomy.
526 _aSEG42
526 _aSEG41
526 _aSEG40
526 _aSEG39
526 _aP94
526 _aP87
526 _aP86
526 _aP85
526 _aP77
526 _aP76
526 _aP35
630 _aBiblia.
_pA.T.
_pPentateuco
_xComentarios.
630 _aBiblia.
_pA.T.
_pPentateuco
_xIntroducciones.
910 _ajck
910 _adbm
942 _2ddc
_cBK
980 _818226
_gJaime Vilcazán Jefe de Análisis Documental
999 _c59880
_d59880